Synthesis, properties, and reactions of heterodienes. II. Reactions of cinnamoyl isothiocyanates with enamines and spectral study of the reaction products

Bibliographic Details
Main Authors: Demjánová, E. (Author), Dzurilla, Milan, 1938-2003 (Author), Kristian, Pavol, 1930-2021 (Author)
Format: Article
Language:English

MARC

LEADER 00000nab a2200000uu 4500
001 vtls010876646
003 SK-MaSNL
005 20260303163115.0
008 230303|1973 xo |||||||||||||||||eng|
015 |a SNBRB 
035 |a (urnnbn)urn:nbn:sk:snk:ar-006aft 
035 |a (uuid)d335acbe-aa85-4bec-9d94-7a1ea2cc7505 
035 |a urn:nbn:sk:snk-ab7q8i 
040 |a SNKBUCL  |b slo  |c SNKBUCL  |e AACR2 
041 0 |a eng 
044 |a xo  |c SK 
100 1 |a Demjánová, E.  |4 aut  |9 1186775 
245 1 0 |a Synthesis, properties, and reactions of heterodienes. II.  |b Reactions of cinnamoyl isothiocyanates with enamines and spectral study of the reaction products  |c E. Demjánová, M. Dzurilla, P. Kristian 
700 1 |a Dzurilla, Milan,  |d 1938-2003  |4 aut  |9 221484 
700 1 |a Kristian, Pavol,  |d 1930-2021  |4 aut  |9 223871 
773 0 |t Chemické zvesti  |g Roč. 27, č. 4 (1973), s. 488-496 
954 |a odborná, vedecká literatúra pôvodná (slovenská)  |2 lita 
958 |a EUIPO 
958 |a OND 
958 |a article8 
999 |c 2058921  |d 2060851